00532nam a2200157Ia 4500003000900000008004100009020001800050040001600068080002000084100002000104245016800124260003300292300001000325650001800335650002100353IN-BaIIA211028s9999 xx 000 0 eng d a1-58542-193-6 cIIA Library a330:546.11bRIF aRifkin, Jeremy. 4aThe hydrogen economybthe creation of the worldwide energy web and the redistribution of power on earthcJeremy Rifkin  aNew YorkbJ.P. Tarcherc2002 a294p. aGlobalization aHydrogen as Fuel